Catálogo

Bibliografía filosófica mexicana / (Registro nro. 63719)

Detalles MARC
000 -LEADER
fixed length control field 00891nam a2200277 u 4500
001 - CONTROL NUMBER
control field 63719
003 - CONTROL NUMBER IDENTIFIER
control field Mx-PuUPA
005 - DATE AND TIME OF LATEST TRANSACTION
control field 20190704165308.0
008 - FIXED-LENGTH DATA ELEMENTS--GENERAL INFORMATION
fixed length control field 151110s1913 mx r 000 0 spa d
020 ## - INTERNATIONAL STANDARD BOOK NUMBER
International Standard Book Number 9687230479
040 ## - CATALOGING SOURCE
Transcribing agency Mx-PuUPA
041 ## - LANGUAGE CODE
Language code of text/sound track or separate title spa
082 0# - DEWEY DECIMAL CLASSIFICATION NUMBER
Classification number 199.72
Item number VAL
505 0# - FORMATTED CONTENTS NOTE
Formatted contents note Estudio introductorio por Heron Pérez Martínez, Indices elaborados por Pilar González y Marcelo Sada
100 1# - MAIN ENTRY--PERSONAL NAME
Personal name Valverde Téllez, Emeterio
Dates associated with a name 1864-1948
Relator term autor
245 10 - TITLE STATEMENT
Title Bibliografía filosófica mexicana /
Statement of responsibility, etc. Emeterio Valverde Tellez.
250 ## - EDITION STATEMENT
Edition statement Segunda edición
264 #1 - PRODUCTION, PUBLICATION, DISTRIBUTION, MANUFACTURE, AND COPYRIGHT NOTICE
Place of production, publication, distribution, manufacture México :
Name of producer, publisher, distributor, manufacturer El Colegio de Michoacán,
Date of production, publication, distribution, manufacture, or copyright notice 1913
300 ## - PHYSICAL DESCRIPTION
Extent 2 volúmenes ;
Dimensions 23 cm.
336 ## - CONTENT TYPE
Content type term texto
Source rdacontent
337 ## - MEDIA TYPE
Media type term sin mediación
Source rdamedia
338 ## - CARRIER TYPE
Carrier type term volumen
Source rdacarrier
500 ## - GENERAL NOTE
General note Edición facsimilar
650 #4 - SUBJECT ADDED ENTRY--TOPICAL TERM
Topical term or geographic name entry element Filosofía
Geographic subdivision México
General subdivision Bibliografías
942 ## - ADDED ENTRY ELEMENTS (KOHA)
Source of classification or shelving scheme Dewey Decimal Classification
Koha item type Libro
Existencias
Withdrawn status Lost status Source of classification or shelving scheme Damaged status Not for loan Collection code Home library Current library Shelving location Date acquired Source of acquisition Inventory number Total Checkouts Full call number Barcode Date last seen Price effective from Koha item type Checked out Date last checked out
    Dewey Decimal Classification     General Biblioteca Karol Wojtyla Biblioteca Karol Wojtyla Sala general 10/11/2015 Compra 151000000000000000062642   199.72 VAL 1913 92869 05/01/2026 10/11/2015 Libro    
    Dewey Decimal Classification     General Biblioteca Karol Wojtyla Biblioteca Karol Wojtyla Sala general 10/11/2015 Compra 151000000000000000062529 1 199.72 VAL 1913 92868 03/10/2024 10/11/2015 Libro 17/10/2024 03/10/2024